[Event "Gjøvik GM Swiss"]
[Site "Gjøvik, Norway"]
[Date "2008.12.30"]
[Round "2"]
[White "Zozulia, Anna"]
[Black "Tofte, Sondre Waage"]
[Result "1-0"]
[WhiteElo "2380"]
[BlackElo "2120"]
[PlyCount "69"]
[EventDate "2008.12.29"]
[SourceDate "2008.12.29"]

1. e4 e5 2. Nf3 Nc6 3. Bb5 a6 4. Ba4 Nf6 5. O-O Be7 6. Re1 b5 7. Bb3 O-O 8. d3
d6 9. c3 Na5 10. Bc2 c5 11. Nbd2 Re8 12. h3 Bf8 13. d4 cxd4 14. cxd4 Nc6 15.
Nf1 Qc7 16. Bg5 Nd7 17. Rc1 Nb6 18. Ne3 h6 19. Bh4 Qb7 20. Bb3 Bd7 21. Nd5 Be6
22. Bg3 Rad8 23. Qd2 f5 24. Qc3 fxe4 25. Nxb6 Qxb6 26. d5 exf3 27. dxe6 Ne7 28.
Qxf3 Kh8 29. Bc2 Qd4 30. Bb1 Qd5 31. Qf7 Rc8 32. Rcd1 Qc5 33. Bh4 d5 34. Rxe5
Qd6 35. Rh5 1-0

[Event "Gjøvik GM Swiss"]
[Site "Gjøvik, Norway"]
[Date "2008.12.30"]
[Round "2"]
[White "Hammer, Jon Ludvig"]
[Black "Arvola, Benjamin"]
[Result "1-0"]
[WhiteElo "2522"]
[BlackElo "2096"]
[PlyCount "59"]
[EventDate "2008.12.29"]
[SourceDate "2008.12.29"]

1. e4 e5 2. Nf3 Nc6 3. Bb5 Nf6 4. d3 d6 5. O-O g6 6. Re1 Bg7 7. d4 Nd7 8. c3
O-O 9. Be3 Ne7 10. Bc4 c6 11. dxe5 dxe5 12. Qd6 Nb6 13. Qxd8 Rxd8 14. Bb3 h6
15. a4 Nd7 16. Rd1 Re8 17. Na3 Nf8 18. Nc4 Be6 19. Ba2 Nc8 20. Ne1 Nd7 21. Na5
Bxa2 22. Rxd7 Be6 23. Rxb7 Nd6 24. Rb4 Bf8 25. Bc5 Rec8 26. Rd1 Nc4 27. Rxc4
Bxc4 28. Bxf8 Ba6 29. Bxh6 Rd8 30. Ra1 1-0

[Event "Gjøvik GM Swiss"]
[Site "Gjøvik, Norway"]
[Date "2008.12.30"]
[Round "2"]
[White "Kaplan, Sasha"]
[Black "Hansen, Pål Andreas"]
[Result "1-0"]
[WhiteElo "2425"]
[BlackElo "2074"]
[PlyCount "47"]
[EventDate "2008.12.29"]
[SourceDate "2008.12.29"]

1. e4 Nf6 2. e5 Nd5 3. d4 d6 4. c4 Nb6 5. exd6 exd6 6. Nc3 Be7 7. h3 O-O 8. Nf3
Bf5 9. Be2 Nc6 10. O-O Bf6 11. b3 Re8 12. Be3 h5 13. Qd2 h4 14. Rfe1 d5 15. c5
Nc8 16. Bg5 Bxg5 17. Nxg5 Nxd4 18. Bh5 Rxe1+ 19. Rxe1 Be6 20. f4 Nf5 21. Rxe6
fxe6 22. Bf7+ Kh8 23. Bxe6 Nh6 24. Qd3 1-0

[Event "Gjøvik GM Swiss"]
[Site "Gjøvik, Norway"]
[Date "2008.12.30"]
[Round "2"]
[White "Sørgjerd, Jan"]
[Black "Stokke, Kjetil"]
[Result "1/2-1/2"]
[WhiteElo "2123"]
[BlackElo "2334"]
[PlyCount "33"]
[EventDate "2008.12.29"]
[SourceDate "2008.12.29"]

1. d4 d5 2. Nf3 Nf6 3. g3 Bf5 4. Bg2 e6 5. O-O c6 6. c4 Nbd7 7. b3 b5 8. Nbd2
a5 9. Bb2 Ne4 10. Nxe4 Bxe4 11. Nd2 Bxg2 12. Kxg2 Bb4 13. Nf3 Be7 14. Qc2 O-O
15. e4 bxc4 16. bxc4 Nf6 17. Ne5 1/2-1/2

[Event "Gjøvik GM Swiss"]
[Site "Gjøvik, Norway"]
[Date "2008.12.30"]
[Round "2"]
[White "Thingstad, Even"]
[Black "Urkedal, Frode Olav Olsen"]
[Result "1/2-1/2"]
[WhiteElo "2065"]
[BlackElo "2316"]
[PlyCount "82"]
[EventDate "2008.12.29"]
[SourceDate "2008.12.29"]

1. d4 Nf6 2. c4 e6 3. Nc3 Bb4 4. Qc2 O-O 5. a3 Bxc3+ 6. Qxc3 b6 7. Bg5 Bb7 8.
f3 d5 9. e3 Nbd7 10. cxd5 Nxd5 11. Bxd8 Nxc3 12. Bh4 Nd5 13. Bf2 f5 14. Bb5 c6
15. Bc4 c5 16. Ne2 Rac8 17. e4 fxe4 18. fxe4 cxd4 19. b3 Nc7 20. Nxd4 Nc5 21.
O-O Bxe4 22. b4 Bd3 23. Ba2 Bxf1 24. bxc5 Ba6 25. Nxe6 Nxe6 26. Bxe6+ Kh8 27.
Bxc8 Rxc8 28. cxb6 axb6 29. Bxb6 h6 30. a4 Rc2 31. a5 Kh7 32. h3 Bb7 33. Bf2
Ba6 34. Re1 Ra2 35. Re5 Kg8 36. Rc5 Kh7 37. Rd5 Kg8 38. Re5 Kh8 39. Rc5 Kh7 40.
Rd5 Kg8 41. Bd4 Rxg2+ 1/2-1/2

[Event "Gjøvik GM Swiss"]
[Site "Gjøvik, Norway"]
[Date "2008.12.30"]
[Round "2"]
[White "Nielsen, Jørgen G."]
[Black "Haarr, Jon Kristian"]
[Result "1/2-1/2"]
[WhiteElo "2184"]
[BlackElo "2057"]
[PlyCount "84"]
[EventDate "2008.12.29"]
[SourceDate "2008.12.29"]

1. d4 Nf6 2. Nf3 c5 3. c3 e6 4. g3 b6 5. Bg2 Bb7 6. O-O Be7 7. Nbd2 O-O 8. Nc4
d6 9. a4 Qc7 10. b3 Ne4 11. Qd3 f5 12. Nfd2 d5 13. Na3 a6 14. f3 Nxd2 15. Bxd2
Nc6 16. Be3 Rad8 17. f4 Rc8 18. Rfc1 Rfd8 19. Nb1 Na5 20. Qd1 c4 21. Nd2 cxb3
22. Nxb3 Nc4 23. Bf2 Bc6 24. Nd2 Na5 25. Nb3 Nc4 26. Nd2 Na5 27. Nb3 Nxb3 28.
Qxb3 b5 29. a5 Be8 30. Bf3 b4 31. Be1 Bb5 32. Qb2 bxc3 33. Rxc3 Bc4 34. Qb6
Qxb6 35. axb6 Rb8 36. Rb1 Rd6 37. b7 Bd8 38. Rc2 Bb6 39. e3 Rc6 40. Bb4 Bb5 41.
Rxc6 Bxc6 42. Be2 Rxb7 1/2-1/2

[Event "Gjøvik GM Swiss"]
[Site "Gjøvik, Norway"]
[Date "2008.12.30"]
[Round "2"]
[White "Strand, Håkon"]
[Black "Agdestein, Emil Døving"]
[Result "1-0"]
[WhiteElo "2047"]
[BlackElo "2145"]
[PlyCount "51"]
[EventDate "2008.12.29"]
[SourceDate "2008.12.29"]

1. e4 e5 2. Nf3 Nc6 3. Bb5 a6 4. Ba4 Nf6 5. O-O Nxe4 6. d4 d5 7. Nxe5 Bd7 8.
Nxd7 Qxd7 9. c4 Nf6 10. Re1+ Be7 11. Nc3 b5 12. cxb5 Nd8 13. bxa6 c6 14. Bg5
O-O 15. Qd3 Ne6 16. Bd2 Rfb8 17. Rab1 Rb6 18. Re5 Rb4 19. Be3 g6 20. a3 Rb6 21.
Bg5 Rbxa6 22. b3 Rb6 23. Bxf6 Bxf6 24. Nxd5 Bxe5 25. Nxb6 Qa7 26. Nxa8 1-0

[Event "Gjøvik GM Swiss"]
[Site "Gjøvik, Norway"]
[Date "2008.12.30"]
[Round "2"]
[White "Løvik, Lasse Østebø"]
[Black "Bryn, Thomas"]
[Result "1-0"]
[WhiteElo "2167"]
[BlackElo "2025"]
[PlyCount "69"]
[EventDate "2008.12.29"]
[SourceDate "2008.12.29"]

1. e4 e5 2. Nf3 Nc6 3. Bb5 a6 4. Ba4 Nf6 5. O-O Nxe4 6. d4 exd4 7. Re1 d5 8.
Nxd4 Bd6 9. Be3 Bd7 10. c4 O-O 11. cxd5 Ne5 12. Bc2 f5 13. f3 f4 14. Bxe4 fxe3
15. Qc2 Qh4 16. g3 Qh6 17. Nc3 Bg4 18. f4 Ng6 19. Nf5 Bxf5 20. Bxf5 Qh5 21.
Be6+ Kh8 22. Ne4 Ne7 23. Qg2 Bb4 24. Re2 Ba5 25. Ng5 Rad8 26. Qe4 Nf5 27. Bxf5
Qxe2 28. Bg4 Qf2+ 29. Kh1 Rf5 30. Qxf5 Kg8 31. Qe6+ Kh8 32. Nf7+ Kg8 33. Nh6+
Kh8 34. Qg8+ Rxg8 35. Nf7# 1-0

[Event "Gjøvik GM Swiss"]
[Site "Gjøvik, Norway"]
[Date "2008.12.30"]
[Round "2"]
[White "Skrondal, Inge Sandstad"]
[Black "Kveinys, Aloyzas"]
[Result "0-1"]
[WhiteElo "2216"]
[BlackElo "2533"]
[PlyCount "206"]
[EventDate "2008.12.29"]
[SourceDate "2008.12.29"]

1. Nf3 c5 2. c4 Nf6 3. Nc3 e6 4. g3 b6 5. Bg2 Bb7 6. O-O a6 7. Re1 d6 8. e4
Nbd7 9. d4 cxd4 10. Nxd4 Qc7 11. Be3 Be7 12. Rc1 Nc5 13. f3 O-O 14. b4 $5 $146
(14. Bf2) 14... Ncd7 15. f4 Rfe8 16. Nd5 $5 exd5 17. cxd5 Qb8 (17... Nc5 $16)
18. Nc6 Bxc6 19. dxc6 Nf8 20. c7 (20. e5 dxe5 21. fxe5 (21. c7 Qc8) 21... Qxe5
22. c7 Rac8 23. Bd4) 20... Qa7 (20... Qc8 21. Bxb6 $16) 21. e5 dxe5 22. fxe5
N6d7 (22... Rac8 23. Bc6 (23. exf6 Bxf6 24. Bf4) 23... Bxb4 24. Bxe8 Nxe8 25.
Qg4 Qb7 26. Qxb4 b5 27. Qe7 Ng6 28. Qd8 Nxe5 29. Bd4 f6 30. Bxe5 fxe5 31. Rxe5
$18) (22... Bxb4 23. Bxa8 Qxa8 (23... Bxe1 24. c8=Q $18 (24. exf6 Qxa8 25. Qxe1
)) 24. exf6 Bxe1 25. Qxe1 $18) 23. Qd5 (23. Bc6 $5 Rec8 (23... Qxc7 24. Bxa8
Qxe5 25. Bf4 Qb2 26. Bc6 $18) 24. Qd5 Bxb4 (24... Rxc7 25. Bxa8 Bxb4 26. Rxc7
Qxc7 27. Rb1 (27. Rf1) 27... Bc5 28. Bxc5 bxc5 29. Qd6 Qa7 30. Bc6) 25. Rf1
Nxe5 26. Bxa8 (26. Qxe5) 26... Rxc7 27. Rxc7 Qxc7) (23. Bd5 $5 Nxe5 (23... Rac8
24. Bxf7+ Kxf7 25. Qd5+ $18) (23... Kh8 24. a3 Nxe5 25. Bd4 f6 26. Bxa8 Qxa8
27. Bxe5 fxe5 28. Rxe5 Ng6 29. Qd5 $1) 24. Bd4 Rac8 25. Bxe5 Bxb4 26. Qg4 (26.
Rf1 Rxe5 27. Rxf7 Re1+ 28. Qxe1 Bxe1 29. Rf1+ Kh8 30. Rxf8+ Rxf8 31. c8=Q b5+
32. Kh1 Qf2 33. Qc5) 26... Rxe5 27. Bxf7+ Kxf7 28. Rf1+ Kg8 29. Qxc8 $18) (23.
Bxa8 Qxa8 24. Qd4 $13) 23... Rac8 (23... Nxe5 24. Qxe5 Bc5 25. bxc5 Rxe5 26.
cxb6 $18) (23... Bxb4 24. Rf1 Nxe5 25. Qxa8 $18) 24. Rf1 Kh8 (24... Nxe5 25.
Qxe5 Bc5 26. bxc5 Rxe5 27. cxb6) 25. Rc4 $5 (25. Qb7 Qxb7 26. Bxb7 Bxb4 27.
Rxf7 (27. Bxa6 Kg8) (27. Bxc8 Rxc8 28. Rxf7 Nxe5) 27... Bc5 28. Bxc5 Rxc7) (25.
Bh3 Rxc7 26. Qxf7 Rxc1 27. Rxc1 Qb8) (25. a3 a5 $1 (25... f6 26. Qb7) 26. Qxf7
Nxe5 27. Qd5 Nfd7 28. Bh3 (28. Qb7 Qxb7 29. Bxb7 axb4 30. axb4 Bxb4 31. Bxc8
Rxc8 32. Rfd1) 28... axb4 29. Bxd7 Nxd7 30. Qxd7 Bc5 31. Bxc5 bxc5 32. axb4
cxb4+ 33. Kg2 Qb7+) 25... f6 (25... Nxe5 26. Qxe5 Bc5 27. bxc5 b5 28. Qd6 bxc4
29. Rxf7 Ne6 30. Bc6) (25... Bxb4 26. Rxb4 Rxe5 27. Qxe5 Nxe5 28. Bxb6) (25...
Rxc7 26. Qxf7 $1 Rxc4 27. Bd5 $18) (25... a5) 26. exf6 Bxf6 27. Qb7 Qxb7 28.
Bxb7 Rxc7 29. Rxc7 Rxe3 30. Rc8 h5 31. Bxa6 Kh7 32. Bb5 Be7 33. Rf4 $4 (33. Rc7
) 33... Nf6 34. Rc2 Ne6 35. Rf1 $4 Bxb4 $4 (35... Nd4 $1 $19) 36. Re2 Rxe2 37.
Bxe2 Kg6 38. Kg2 Nc5 39. Rf4 Ba5 40. Kh3 Kh6 41. Rd4 Nce4 42. Kg2 Nc3 43. Bc4
Kg5 44. Be6 Nfe4 45. Kf3 Kf6 46. Bb3 Nc5 47. Bc4 b5 48. Rd6+ Ke5 49. Rc6 N5e4
50. Bd3 (50. Re6+ Kd4 51. Rxe4+ Nxe4 52. Bxb5) 50... g5 51. Ra6 g4+ 52. Kg2 Bc7
53. Ra7 Bd6 54. Ra5 Kd4 55. Bxb5 Bb4 56. Ra4 Nxa4 57. Bxa4 Ke5 58. Be8 Nf6 59.
Bg6 Ke6 (59... Ba3 $5) 60. a4 Ke7 61. Bf5 Kf7 62. Bc8 Kg6 63. Bb7 Ba5 64. Bc6
Bb6 65. Kf1 Kf5 66. Kg2 Kg5 67. Kf1 h4 68. gxh4+ Kxh4 69. Kg2 Nh5 70. Bb5 Nf4+
71. Kh1 Kg5 72. Bd7 Ng6 73. Kg2 Nh4+ 74. Kh1 Bc7 75. Bc6 Nf3 76. Kg2 Ne1+ (
76... Nxh2 77. a5) 77. Kf1 Nc2 78. Kg2 Kh4 79. Bb7 Ne3+ 80. Kf2 Nf5 81. Kg2 Kg5
82. Bc6 Kf4 83. Bb7 Nh4+ 84. Kh1 Nf3 85. Kg2 Ne1+ 86. Kf1 Nc2 87. Kg2 Ne3+ 88.
Kh1 Ke5 89. Kg1 Kd4 90. Bc8 Kd3 91. Bd7 Ke2 92. Bc8 Ba5 93. Ba6+ Kf3 94. Bb7+
Kf4 95. Kf2 Bb6 96. Bc6 Nc2+ 97. Kf1 Kg5 98. Kg2 Kh4 99. Bb7 (99. Bb5 Ne3+ 100.
Kh1 Kh3 101. Bd3 Bc7 102. Bb5 Bxh2 103. a5 Nd1) 99... Ne1+ 100. Kf1 (100. Kh1
Bc7 (100... Kh3 101. Ba6) 101. Bc6 Kh3 102. Bd7 Nf3) 100... Ba5 101. Bc6 Kh3
102. Kg1 Nf3+ 103. Bxf3 Bb6+ 0-1

[Event "Gjøvik GM Swiss"]
[Site "Gjøvik, Norway"]
[Date "2008.12.30"]
[Round "2"]
[White "Gyldenås, Ole-Jørn"]
[Black "Blikra Vea, Odin"]
[Result "0-1"]
[WhiteElo "2075"]
[BlackElo "2169"]
[PlyCount "78"]
[EventDate "2008.12.29"]
[SourceDate "2008.12.29"]

1. Nf3 Nc6 2. c4 e5 3. Nc3 f5 4. d4 e4 5. Ne5 Nf6 6. Nxc6 bxc6 7. e3 Bb4 8. Bd2
Rb8 9. Be2 O-O 10. O-O Be7 11. Qc2 c5 12. d5 Bd6 13. Nb5 Be5 14. Bc3 Bxc3 15.
Nxc3 d6 16. Rae1 Qe7 17. b3 Nd7 18. Nb5 Rb7 19. Nc3 Ne5 20. f3 exf3 21. Bxf3
Qg5 22. g3 Bd7 23. Bg2 Rbb8 24. Nb1 Qh6 25. h3 Qg5 26. Kh2 Rf6 27. e4 f4 28.
gxf4 Rxf4 29. Qd2 Rbf8 30. Rxf4 Rxf4 31. Rf1 Ng6 32. Nc3 Qe5 33. Rxf4 Nxf4 34.
Kh1 Bxh3 35. Bxh3 Nxh3 36. Kg2 Nf4+ 37. Kf3 Qh5+ 38. Ke3 Qh3+ 39. Kf2 Qg2+ 0-1

[Event "Gjøvik GM Swiss"]
[Site "Gjøvik, Norway"]
[Date "2008.12.30"]
[Round "2"]
[White "Hagen, Anders G."]
[Black "Kvisla, Johannes"]
[Result "1/2-1/2"]
[WhiteElo "2110"]
[BlackElo "2221"]
[PlyCount "52"]
[EventDate "2008.12.29"]
[SourceDate "2008.12.29"]

1. d4 f5 2. g3 Nf6 3. Bg2 e6 4. c4 c6 5. Nf3 d5 6. O-O Bd6 7. b3 Qe7 8. Bb2 b6
9. Nbd2 O-O 10. Ne5 Bb7 11. Rc1 a5 12. Re1 Na6 13. f3 c5 14. e4 fxe4 15. fxe4
dxe4 16. Nxe4 Nxe4 17. Bxe4 Bxe4 18. Rxe4 cxd4 19. Bxd4 Nc5 20. Rg4 Bxe5 21.
Bxe5 Rad8 22. Qc2 Rf7 23. Rd1 Nd7 24. Bd6 Qe8 25. Rh4 Nf6 26. Be5 Rxd1+ 1/2-1/2

[Event "Gjøvik GM Swiss"]
[Site "Gjøvik, Norway"]
[Date "2008.12.30"]
[Round "2"]
[White "Larsen, Tor Kristian"]
[Black "Stenersen, Gudmund"]
[Result "1/2-1/2"]
[WhiteElo "2109"]
[BlackElo "2189"]
[PlyCount "92"]
[EventDate "2008.12.29"]
[SourceDate "2008.12.29"]

1. Nf3 d6 2. d4 Bf5 3. c4 Nd7 4. Nc3 Ngf6 5. Nh4 e6 6. Nxf5 exf5 7. Qc2 g6 8.
g3 Bg7 9. Bg2 c6 10. Bf4 Qe7 11. d5 cxd5 12. Rd1 O-O 13. Nxd5 Nxd5 14. Rxd5 Ne5
15. O-O Rac8 16. b3 Rc5 17. Qd2 Rfc8 18. Rxd6 b5 19. Rd1 bxc4 20. Rd8+ Bf8 21.
Rxc8 Rxc8 22. Qe3 Re8 23. bxc4 Nxc4 24. Qxe7 Rxe7 25. Rd8 Kg7 26. Bd5 Ne5 27.
Be3 Rc7 28. Bd4 f6 29. Ra8 Nc6 30. Bxc6 Rxc6 31. Rxa7+ Kg8 32. e3 Bc5 33. Bxc5
Rxc5 34. a4 Rc1+ 35. Kg2 Ra1 36. h4 h5 37. Ra8+ Kg7 38. Ra7+ Kg8 39. Kf3 Ra2
40. Ra8+ Kg7 41. a5 g5 42. a6 g4+ 43. Kg2 Ra1 44. a7 Ra2 45. Kg1 Ra1+ 46. Kg2
Ra2 1/2-1/2

[Event "Gjøvik GM Swiss"]
[Site "Gjøvik, Norway"]
[Date "2008.12.30"]
[Round "2"]
[White "Isgandarova, Khayala"]
[Black "Devereaux, Maxim"]
[Result "0-1"]
[WhiteElo "2206"]
[BlackElo "2415"]
[PlyCount "70"]
[EventDate "2008.12.29"]
[SourceDate "2008.12.29"]

1. e4 c5 2. Nf3 Nc6 3. d4 cxd4 4. Nxd4 Nf6 5. Nc3 e5 6. Ndb5 d6 7. Bg5 a6 8.
Na3 b5 9. Nd5 Be7 10. Bxf6 Bxf6 11. c4 b4 12. Nc2 a5 13. Qf3 Bg5 14. h4 Bxh4
15. Rxh4 Qxh4 16. Nc7+ Ke7 17. Nxa8 Bg4 18. Qd3 Rxa8 19. Qd5 Rc8 20. c5 Be6 21.
cxd6+ Kd7 22. Qd3 b3 23. axb3 Rb8 24. Ra3 Nb4 25. Qe2 Qf4 26. Ne3 Rc8 27. Qd2
Qxe4 28. Bb5+ Kd8 29. Rxa5 Nc2+ 30. Kf1 Nd4 31. Ra7 Nxb3 32. Qd3 Rc1+ 33. Ke2
Qb4 34. Ra8+ Bc8 35. Nf5 Re1+ 0-1

[Event "Gjøvik GM Swiss"]
[Site "Gjøvik, Norway"]
[Date "2008.12.30"]
[Round "2"]
[White "Nilsen, Joachim B"]
[Black "Elsness, Frode"]
[Result "0-1"]
[WhiteElo "2184"]
[BlackElo "2440"]
[PlyCount "92"]
[EventDate "2008.12.29"]
[SourceDate "2008.12.29"]

1. d4 Nf6 2. c4 g6 3. Nc3 d5 4. Nf3 Bg7 5. Bg5 Ne4 6. Bh4 Nxc3 7. bxc3 dxc4 8.
e3 Be6 9. Rb1 b6 10. Ng5 Bd5 11. e4 h6 12. exd5 hxg5 13. Qa4+ Kf8 14. Bxg5 Qxd5
15. Be3 Qe4 16. Rb2 c5 17. Qxc4 Nc6 18. Rd2 cxd4 19. cxd4 Rd8 20. d5 Qxc4 21.
Bxc4 Na5 22. Rc2 Nxc4 23. Rxc4 Rh5 24. Ke2 Rhxd5 25. a4 Bd4 26. Rd1 Bxe3 27.
Rxd5 Rxd5 28. Kxe3 Ke8 29. h4 Kd7 30. g4 a6 31. f4 b5 32. axb5 axb5 33. Rc1 f6
34. Ke4 e6 35. Ra1 f5+ 36. Kf3 Rd3+ 37. Ke2 Rh3 38. gxf5 gxf5 39. Ra7+ Kd6 40.
Ra6+ Kd5 41. Rb6 Kc4 42. Rxe6 Rxh4 43. Ke3 Rh3+ 44. Ke2 b4 45. Rd6 b3 46. Rb6
b2 0-1

[Event "Gjøvik GM Swiss"]
[Site "Gjøvik, Norway"]
[Date "2008.12.30"]
[Round "2"]
[White "Gandrud, Vegar Koi"]
[Black "Gullaksen, Eirik T."]
[Result "0-1"]
[WhiteElo "2023"]
[BlackElo "2400"]
[PlyCount "116"]
[EventDate "2008.12.29"]
[SourceDate "2008.12.29"]

1. d4 Nf6 2. c4 g6 3. Nc3 Bg7 4. e4 d6 5. Nf3 O-O 6. Be2 Na6 7. Bg5 h6 8. Bh4
e5 9. dxe5 dxe5 10. Qxd8 Rxd8 11. Nd5 g5 12. Nxf6+ Bxf6 13. Bg3 Nc5 14. O-O Bg4
15. Rfe1 Bxf3 16. Bxf3 Rd2 17. b3 Rad8 18. Kf1 Rb2 19. Reb1 Rdd2 20. b4 Ne6 21.
Rxb2 Rxb2 22. a3 c5 23. Bg4 Nd4 24. bxc5 Nb3 25. Rd1 Nd2+ 26. Ke1 Nxe4 27. Bf5
Nxc5 28. Rd5 b6 29. Bxe5 Bxe5 30. Rxe5 Kg7 31. Re3 Kf6 32. g4 h5 33. h3 h4 34.
Bh7 Rb3 35. Kd2 Rxe3 36. Kxe3 Ke5 37. Bc2 Ne6 38. Bd3 Nf4 39. Bf1 f6 40. a4 Ne6
41. Bd3 Nd4 42. Bg6 Nb3 43. Bc2 Nd4 44. Bg6 Ne6 45. Bd3 Nf4 46. Bf1 a6 47. c5
bxc5 48. Bxa6 Nxh3 49. Bb7 c4 50. a5 Kd6 51. a6 Kc7 52. Kd4 Kb6 53. Kxc4 Nxf2
54. Kd4 Nxg4 55. Ke4 Ne5 56. Kf5 h3 57. Bh1 Kxa6 58. Kxf6 g4 0-1

[Event "Gjøvik GM Swiss"]
[Site "Gjøvik, Norway"]
[Date "2008.12.30"]
[Round "2"]
[White "Kovachev, Daniel Jakobsen"]
[Black "deMac, Elias"]
[Result "1/2-1/2"]
[WhiteElo "2227"]
[BlackElo "1993"]
[PlyCount "99"]
[EventDate "2008.12.29"]
[SourceDate "2008.12.29"]

1. e4 c5 2. Nf3 a6 3. c4 e6 4. d4 cxd4 5. Nxd4 Nf6 6. Nc3 Bb4 7. Bd3 Nc6 8.
Nxc6 dxc6 9. Qc2 e5 10. O-O O-O 11. a3 Bc5 12. b4 Bd4 13. c5 a5 14. Rb1 axb4
15. axb4 Be6 16. Bb2 b6 17. cxb6 Qxb6 18. Ne2 Bxb2 19. Rxb2 Ra3 20. Bc4 Bxc4
21. Qxc4 Qb5 22. Rc2 Qxc4 23. Rxc4 Rb3 24. Nc1 Ra3 25. f3 h6 26. Rf2 Rb8 27.
Ra2 Rxa2 28. Nxa2 Rb6 29. Nc1 Ne8 30. Nd3 f6 31. Kf2 Nd6 32. Rc5 Nb5 33. Rc2
Ra6 34. Nc5 Ra1 35. Ne6 Nd4 36. Nxd4 exd4 37. Rd2 Kf7 38. g4 Ra4 39. Rxd4 c5
40. Rd7+ Ke6 41. Rxg7 cxb4 42. Ke3 Ra3+ 43. Kf4 Kd6 44. Rg6 Kc7 45. Rxf6 b3 46.
Rf7+ Kc6 47. Rf8 Kc7 48. Rf7+ Kc6 49. Rf6+ Kc7 50. Rf7+ 1/2-1/2

[Event "Gjøvik GM Swiss"]
[Site "Gjøvik, Norway"]
[Date "2008.12.30"]
[Round "2"]
[White "Przezdziecka, Marta"]
[Black "Korneev, Oleg"]
[Result "1/2-1/2"]
[WhiteElo "2327"]
[BlackElo "2623"]
[PlyCount "76"]
[EventDate "2008.12.29"]
[SourceDate "2008.12.29"]

1. d4 d5 2. Nf3 Nf6 3. c4 e6 4. Nc3 c6 5. Qd3 Nbd7 6. e4 dxe4 7. Nxe4 Nxe4 8.
Qxe4 Nf6 9. Qd3 c5 10. Be3 cxd4 11. O-O-O Bc5 12. Bxd4 Bxd4 13. Qxd4 Qxd4 14.
Rxd4 Nd7 15. Bd3 f6 16. Re1 e5 17. Bc2 O-O 18. Rd6 Nc5 19. b4 Na6 20. a3 Nc7
21. Bb3 Be6 22. Kb2 Kf7 23. Red1 Ke7 24. c5 Rfd8 25. a4 Bxb3 26. Kxb3 Ne6 27.
Rxd8 Nxd8 28. b5 Ne6 29. Kb4 Rc8 30. Rc1 Nf4 31. Ne1 Ke6 32. g3 Ne2 33. Rc4 Nd4
34. Nc2 Kd5 35. Ne3+ Ke4 36. Nc2 Kd5 37. Ne3+ Ke4 38. Nc2 Kd5 1/2-1/2

[Event "Gjøvik GM Swiss"]
[Site "Gjøvik, Norway"]
[Date "2008.12.30"]
[Round "2"]
[White "Malakhatko, Vadim"]
[Black "Tsiolakidis, Anastasios"]
[Result "1-0"]
[WhiteElo "2633"]
[BlackElo "2348"]
[PlyCount "74"]
[EventDate "2008.12.29"]
[SourceDate "2008.12.29"]

1. d4 Nf6 2. c4 e6 3. Nf3 b6 4. g3 Ba6 5. b3 d5 6. Bg2 Be7 7. cxd5 exd5 8. O-O
O-O 9. Nc3 Re8 10. Ne5 c6 11. Bb2 Bd6 12. f4 Bb4 13. Rc1 Qd6 14. Nb1 b5 15. a3
Ba5 16. b4 Bb6 17. Nd2 Bb7 18. e3 a5 19. Bc3 Nbd7 20. g4 Nf8 21. g5 N6d7 22.
Nb3 Nxe5 23. fxe5 Qg6 24. h4 axb4 25. Bxb4 Ra7 26. Nc5 Bc8 27. Nd3 Qe6 28. Nf4
Qd7 29. Qc2 Bb7 30. Bh3 Ne6 31. Nxe6 fxe6 32. g6 hxg6 33. Qxg6 Bc8 34. Rf3 c5
35. dxc5 Ba5 36. Bf1 Bxb4 37. Bd3 Qf7 1-0

[Event "Gjøvik GM Swiss"]
[Site "Gjøvik, Norway"]
[Date "2008.12.30"]
[Round "2"]
[White "Sofrigin, Alexej"]
[Black "Gopal, Geetha Narayanan"]
[Result "0-1"]
[WhiteElo "2252"]
[BlackElo "2548"]
[PlyCount "70"]
[EventDate "2008.12.29"]
[SourceDate "2008.12.29"]

1. d4 Nf6 2. c4 c5 3. Nf3 cxd4 4. Nxd4 Nc6 5. Nc3 g6 6. g3 Bg7 7. Bg2 O-O 8.
O-O Ng4 9. e3 d6 10. b3 Nxd4 11. exd4 Nh6 12. Bb2 Nf5 13. d5 a6 14. Qd2 b5 15.
cxb5 axb5 16. b4 Bd7 17. Ne2 Bxb2 18. Qxb2 Qb6 19. Rfc1 Rac8 20. Rxc8 Rxc8 21.
Rc1 Rf8 22. Be4 e5 23. Bxf5 Bxf5 24. Rc6 Qb8 25. Qc1 Bd7 26. Rc7 Bg4 27. Kf1
Bf3 28. Qc6 Bxd5 29. Qxd6 Bc4 30. Qc6 Qa8 31. Qxa8 Rxa8 32. Ke1 Rxa2 33. Nc3
Rc2 34. Nd5 Re2+ 35. Kd1 Rxf2 0-1

[Event "Gjøvik GM Swiss"]
[Site "Gjøvik, Norway"]
[Date "2008.12.30"]
[Round "2"]
[White "Nyland, Thomas"]
[Black "Flermoen, Peter"]
[Result "1/2-1/2"]
[WhiteElo "2140"]
[BlackElo "1977"]
[PlyCount "160"]
[EventDate "2008.12.29"]
[SourceDate "2008.12.29"]

1. d4 Nf6 2. c4 e6 3. Nc3 d5 4. cxd5 exd5 5. Bg5 Be7 6. e3 O-O 7. Nf3 c6 8. Bd3
Bg4 9. Qc2 Nbd7 10. Ne5 h6 11. Nxg4 Nxg4 12. Bxe7 Qxe7 13. O-O Rfe8 14. h3 Ngf6
15. Rac1 Rac8 16. Qa4 a6 17. Qa5 Qd6 18. b4 Rb8 19. Qa4 Ne4 20. Bxe4 dxe4 21.
Qb3 b5 22. Rc2 Nb6 23. Nb1 Qd5 24. Rc5 Qxb3 25. axb3 Nd5 26. Rxc6 Nxb4 27. Rc7
Nd3 28. Nc3 b4 29. Nd5 Rb5 30. Ne7+ Kf8 31. Nc6 f6 32. Ra1 Ra8 33. f3 f5 34.
fxe4 fxe4 35. Rf1+ Kg8 36. Rff7 Rg5 37. h4 Rg6 38. d5 Rf8 39. Rxf8+ Kxf8 40.
Nd4 Rd6 41. Ne6+ Ke8 42. Nxg7+ Kd8 43. Rc4 Rxd5 44. Rxe4 a5 45. Ne6+ Kd7 46.
Nd4 Nc5 47. Rg4 Re5 48. Kf2 h5 49. Rg7+ Kd6 50. Ke2 Ne4 51. Rg6+ Kd7 52. Ra6
Nc3+ 53. Kd3 Nd1 54. Nc2 Rc5 55. Kd2 Nf2 56. Nd4 Ng4 57. e4 Re5 58. Nf3 Rxe4
59. Rxa5 Re3 60. Rd5+ Kc6 61. Rxh5 Rc3 62. Nd4+ Kd7 63. Rb5 Rg3 64. Rb7+ Kc8
65. Rxb4 Rxg2+ 66. Ne2 Nf6 67. Rc4+ Kb7 68. Ke3 Rh2 69. Nc1 Nd5+ 70. Kf3 Nb6
71. Kg3 Rh1 72. Rc5 Rg1+ 73. Kh2 Rg4 74. Kh3 Rg1 75. h5 Rh1+ 76. Kg4 Nd5 77.
Kg5 Rg1+ 78. Kh6 Nf6 79. Nd3 Ng8+ 80. Kh7 Nf6+ 1/2-1/2

[Event "Gjøvik GM Swiss"]
[Site "Gjøvik, Norway"]
[Date "2008.12.30"]
[Round "2"]
[White "Skvortsov, Mikhail S"]
[Black "Savchenko, Yuri"]
[Result "1-0"]
[WhiteElo "2335"]
[BlackElo "2081"]
[PlyCount "170"]
[EventDate "2008.12.29"]
[SourceDate "2008.12.29"]

1. d4 Nf6 2. Nf3 e6 3. c4 c5 4. d5 exd5 5. cxd5 d6 6. Nc3 g6 7. e4 Bg7 8. Bd3
O-O 9. O-O a6 10. a4 b6 11. h3 Ra7 12. Bg5 h6 13. Bf4 Nh5 14. Bh2 Re8 15. Re1
Rae7 16. Qc2 Qc7 17. Nb1 Bd7 18. Na3 Bc8 19. Nc4 Rd7 20. Qb3 Bf8 21. Qxb6 Qxb6
22. Nxb6 Rb7 23. a5 Rd8 24. e5 dxe5 25. Nxe5 Bd6 26. Bc4 Rc7 27. Ng4 Bxh2+ 28.
Kxh2 Bxg4 29. hxg4 Nf6 30. f3 Rd6 31. Re3 Nbd7 32. Re7 Nxb6 33. Rxc7 Nxc4 34.
Rc6 Rxc6 35. dxc6 Nd6 36. Rd1 Nfe8 37. Rd5 c4 38. c7 Kf8 39. Rc5 Nc8 40. Rxc4
Ke7 41. Rc6 Kd7 42. Rxa6 Kxc7 43. b4 Ned6 44. Kg3 Kb7 45. b5 Nxb5 46. Rf6 Ncd6
47. Kf4 Kc7 48. Ke5 Nc4+ 49. Kd5 Nxa5 50. Rxf7+ Kd8 51. Rh7 Nc7+ 52. Kc5 Ne6+
53. Kd6 Nf8 54. Rxh6 Ke8 55. Rh1 Kf7 56. Rc1 Kf6 57. Rc3 Ne6 58. g3 Nb7+ 59.
Kc6 Nbd8+ 60. Kd7 Nf7 61. f4 Nf8+ 62. Ke8 Ne6 63. Rc6 Nfd8 64. Rd6 Nb7 65. Rd7
Ng7+ 66. Kf8 Ne6+ 67. Kg8 Nbd8 68. Ra7 Nc5 69. Kh7 Nce6 70. Ra6 Kf7 71. g5 Nf8+
72. Kh6 Nde6 73. Ra7+ Kg8 74. Re7 Nd8 75. Rg7+ Kh8 76. Rxg6 Nxg6 77. Kxg6 Kg8
78. f5 Nc6 79. Kf6 Nd8 80. Ke7 Nc6+ 81. Ke8 Nd4 82. f6 Ne6 83. g6 Kh8 84. Ke7
Nf8 85. g7+ Kh7 1-0

[Event "Gjøvik GM Swiss"]
[Site "Gjøvik, Norway"]
[Date "2008.12.31"]
[Round "2"]
[White "Mamedjarova, Zeinab"]
[Black "Savchenko, Boris"]
[Result "0-1"]
[WhiteElo "2351"]
[BlackElo "2648"]
[PlyCount "60"]
[EventDate "2008.12.29"]
[SourceDate "2008.12.29"]

1. d4 Nf6 2. c4 d6 3. Nc3 e5 4. Nf3 e4 5. Ng5 Qe7 6. Qc2 Nc6 7. Nd5 Nxd4 8.
Qa4+ Bd7 9. Nxc7+ Kd8 10. Qd1 Kxc7 11. Qxd4 h6 12. Nh3 g5 13. Be3 Bg7 14. Rc1
Rhe8 15. c5 d5 16. Qc3 Nh5 17. Qa5+ Kb8 18. c6 Bxc6 19. Bc5 Qe5 20. e3 b6 21.
Bxb6 axb6 22. Qxb6+ Bb7 23. Bb5 Rh8 24. g4 Nf6 25. a4 Rc8 26. Rxc8+ Kxc8 27.
O-O Qc7 28. Qxc7+ Kxc7 29. b4 Nxg4 30. a5 Ne5 0-1